[Event "HUN-chT9899"]
[Site "HUN"]
[Date "1998.??.??"]
[Round "?"]
[White "Bilek, Istvan"]
[Black "Szabolcsi, Janos"]
[Result "1-0"]
[WhiteElo "2365"]
[BlackElo "2425"]

1.Nf3 d5 2.g3 c6 3.Bg2 Bg4 4.d4 Nd7 5.Nbd2 e6 6.e4 Ngf6 7.Qe2 Qb6 8.exd5 cxd5
9.c3 h6 10.Nf1 Bd6 11.Ne3 Bh5 12.Nf5 Bf8 13.h3 Ne4 14.Ne3 Be7 15.g4 Bg6 16.h4 a5
17.a4 Qc7 18.Bd2 Ra6 19.Bf1 Rb6 20.Nd1 O-O 21.h5 Bh7 22.Rg1 e5 23.Be3 exd4
24.Nxd4 Nec5 25.Nf5 Ne5 26.Bg2 Qd7 27.Kf1 Bxf5 28.gxf5 Qxf5 29.Bd4 Ng4 30.Bh3 Nh2+
31.Kg2 Qf4 32.Qxe7 Nf3 33.Qe3 Qh2+ 34.Kxf3 Qxh3+ 35.Ke2 Qxh5+ 36.Kf1 g6 37.Bxc5 Re6
38.Qd3 Rfe8 39.Be3 Qf3 40.Rg3 Qh1+ 41.Ke2 h5 42.Rf3 h4 43.Qd4 Re5 44.Qg4 Re4
45.Rh3 Qxd1+ 46.Rxd1 Rxg4 47.Rxd5 Rxa4 48.Kf3 f6 49.Bd4 g5 50.Kg4 Re5 51.Rd7 Rb5
52.Re3 Kf8 53.Re6 Rxb2 54.Rxf6+ Ke8 55.Rh7 Rc4 56.Kxg5 Rc6 57.Rf5 a4 58.Bc5  1-0

[Event "HUN-chT9899"]
[Site "HUN"]
[Date "1998.??.??"]
[Round "?"]
[White "Kiss, Attila"]
[Black "Varga, Zoltan"]
[Result "0-1"]
[WhiteElo "2340"]
[BlackElo "2565"]

1.Nf3 d5 2.g3 c6 3.Bg2 Bg4 4.b3 Nd7 5.Bb2 e6 6.O-O a5 7.a3 Ngf6 8.d3 Bc5
9.Nbd2 O-O 10.c4 Qe7 11.h3 Bxf3 12.Nxf3 dxc4 13.bxc4 e5 14.Nd2 Bd4 15.Bxd4 exd4
16.Nb3 Qd6 17.a4 b6 18.Qc2 Rae8 19.Rab1 c5 20.Rfe1 h5 21.Nd2 Re6 22.Nf3 Rfe8
23.Rb2 Qc7 24.Ng5 Re5 25.Nf3 R5e7 26.Kf1 Nb8 27.Reb1 Nc6 28.Qc1 Nb4 29.Qg5 Qd7
30.Ra1 Qe6 31.Qf4 Nd7 32.Qg5 g6 33.Qh6 Qf5 34.Ng5 Nf6 35.Bf3 Re5 36.h4 Nxd3
37.exd3 Qxd3+ 38.Kg1 Re1+ 39.Rxe1 Rxe1+ 40.Kh2 Qf1 41.Bg2 Ng4+ 42.Kh3 Nxh6
43.Bxf1 Rxf1 44.f3 Ra1 45.Rxb6 Rxa4 46.Ne4 Rxc4 47.g4 hxg4+ 48.fxg4 d3 49.Nf6+ Kg7
50.g5 Nf5 51.h5 gxh5 52.Nxh5+ Kf8 53.Nf6 Rd4 54.Rb8+ Ke7 55.Re8+ Kd6 56.g6 fxg6  0-1

[Event "HUN-chT 9798"]
[Site "Hungary"]
[Date "1998.??.??"]
[Round "?"]
[White "Bilek, Istvan"]
[Black "Krutti, Valer"]
[Result "1/2-1/2"]
[WhiteElo "2380"]
[BlackElo "2280"]

1.Nf3 d5 2.g3 c6 3.Bg2 Nf6 4.d3 Bg4 5.Nbd2 Nbd7 6.O-O e5 7.c4 Bd6 8.cxd5 cxd5
9.h3 Bh5 10.e4 d4 11.Nc4 Bc7 12.a4 O-O 13.b3  1/2-1/2

[Event "HUN-chT 9798"]
[Site "Hungary"]
[Date "1998.??.??"]
[Round "?"]
[White "Poor, Istvan"]
[Black "Karolyi, Tibor Jr"]
[Result "0-1"]
[WhiteElo "2305"]
[BlackElo "2390"]

1.Nf3 d5 2.g3 g6 3.Bg2 Bg7 4.O-O e5 5.d3 Nc6 6.Nc3 Nge7 7.e4 dxe4 8.Nxe4 O-O
9.Bd2 b6 10.Re1 Bb7 11.Qc1 Nf5 12.g4 Nd6 13.Bh6 Nxe4 14.dxe4 Bxh6 15.Qxh6 Qf6
16.Re3 Ba6 17.Rc3 Bb7 18.g5 Qe7 19.Bf1 Rad8 20.Nh4 Rfe8 21.Bb5 Rd6 22.Ng2 Qf8
23.Qh4 Red8 24.Rf1 Nd4 25.Rh3 h5 26.Bd3 Ne6 27.f4 exf4 28.Nxf4 Qe7 29.Nxe6 Rxe6
30.Rf4 Re5 31.Rg3 Re8 32.Re3 Rxg5+ 33.Kf2 Re5 34.Qg3 Qc5 35.Ke2 R8e7 36.c3 Kg7
37.Bc2 Qc4+ 38.Kf2 Qxa2 39.Re2 Qc4 40.Qf3 a5 41.b3 Qc5+ 42.Kg3 Rg5+ 43.Kh4 Rg1
44.Rg2 Rxg2 45.Qxg2 Qxc3 46.Bb1 Qe1+  0-1

[Event "HUN-chT 9798"]
[Site "Hungary"]
[Date "1998.??.??"]
[Round "?"]
[White "Karsa, Laszlo"]
[Black "Jakobetz, Laszlo"]
[Result "1-0"]
[WhiteElo "2395"]
[BlackElo "2325"]

1.g3 d5 2.Nf3 c5 3.Bg2 Nc6 4.d4 e6 5.O-O Nf6 6.c4 Be7 7.cxd5 exd5 8.Be3 cxd4
9.Nxd4 O-O 10.Nc3 Re8 11.Rc1 h6 12.Nxc6 bxc6 13.Na4 Qa5 14.Bd4 Ne4 15.b3 Bb7
16.Qc2 Ba3 17.Bb2 Bxb2 18.Qxb2 Rac8 19.Bxe4 Rxe4 20.Nc5 Re7 21.Rfd1 Qb6 22.Rd4 Rce8
23.e3 Bc8 24.Qc3 Qb8 25.Nd3 Bd7 26.Qb4 Qd8 27.Qc5 a6 28.Nb4 Qa8 29.Nxc6 Re6
30.Na5 Rc8 31.Qa3 Rxc1+ 32.Qxc1 Bb5 33.Qd2 Re4 34.Rxd5 Re8 35.a4 Bc6 36.Nxc6 Qxc6
37.Rd6 Qe4 38.Qd3 Qf3 39.Rd8 Rxd8 40.Qxd8+ Kh7 41.Qd3+ g6 42.b4 Qc6 43.b5 axb5
44.axb5 Qc5 45.e4 Kg7 46.Qd5 Qb4 47.h4  1-0

[Event "HUN-chT 9798"]
[Site "Hungary"]
[Date "1998.??.??"]
[Round "?"]
[White "Fekete, Albert"]
[Black "Gelle, Istvan"]
[Result "1-0"]
[WhiteElo "2260"]
[BlackElo "2245"]

1.Nf3 d5 2.g3 Nf6 3.Bg2 c6 4.O-O Bg4 5.d3 Nbd7 6.Nbd2 e6 7.e4 dxe4 8.dxe4 Be7
9.Qe2 O-O 10.b3 a5 11.a4 Qc7 12.Bb2 Rfe8 13.Rfd1 Bb4 14.h3 Bh5 15.Nf1 Rad8
16.g4 Bg6 17.Ng3 h6 18.Kh1 Be7 19.Ne1 Nc5 20.Nd3 Nxd3 21.cxd3 Rd7 22.Qe3 Red8
23.f4 Bh7 24.Be5 Qc8 25.Ra2 Ne8 26.g5 hxg5 27.fxg5 Bd6 28.Bxd6 Rxd6 29.Rf2 Qd7
30.Qf3 Qe7 31.h4 R8d7 32.Nh5 Rd4 33.Qg4 Rxd3 34.Rdf1 Qd6 35.Nf4 Rd1 36.g6 fxg6
37.Qxe6+ Qxe6 38.Nxe6 Rxf1+ 39.Bxf1 Rf7 40.Rxf7 Kxf7 41.Ng5+ Kg8 42.Bc4+ Kh8
43.Nf7+ Kg8 44.Nd8+ Kf8 45.Nxb7 g5 46.hxg5 Bxe4+ 47.Kh2 Ke7 48.Nxa5 Nd6 49.Kg3 Nxc4
50.Nxc4 Bc2 51.a5 Kd7 52.b4 Kc7 53.Kf4  1-0

[Event "HUN-chT 9798"]
[Site "Hungary"]
[Date "1998.??.??"]
[Round "?"]
[White "Almasi, Istvan"]
[Black "Borocz, Istvan"]
[Result "1/2-1/2"]
[WhiteElo "2415"]
[BlackElo "2420"]

1.Nf3 d5 2.g3 Nf6 3.Bg2 e6 4.d4 Be7 5.c4 O-O 6.O-O dxc4 7.Qc2 a6 8.Qxc4 b5
9.Qc2 Bb7 10.Bd2 Nc6 11.e3 Ra7 12.Rc1 Qa8 13.Ne1 Nb8 14.Bxb7 Qxb7 15.Ba5 Rc8
16.b4 c6 17.Nd2 Nbd7 18.Nd3 Raa8 19.Qd1 Re8 20.Rc2 Rac8 21.Rac1 Bf8 22.f4 Nd5
23.Qf3 f5 24.h3 Bd6 25.g4 g5 26.gxf5 exf5 27.Rxc6 N7f6 28.Rxc8 Rxc8 29.Rxc8+ Qxc8
30.fxg5 Ne4 31.Nxe4 fxe4 32.Qxe4 Nc3 33.Qf3 Qc4 34.Nf2 Nd5 35.Ng4 Kg7 36.Nf6 Qc1+
37.Kf2 Qc2+ 38.Qe2 Qf5+ 39.Qf3 Qc2+ 40.Qe2 Qf5+ 41.Ke1 Qb1+ 42.Qd1 Bg3+ 43.Kd2 Qxa2+
44.Qc2 Be1+ 45.Kd3 Qa3+ 46.Ke4 Qxe3+ 47.Kxd5 Qxg5+ 48.Kc6 Qxf6+ 49.Kb7 Qxd4  1/2-1/2

[Event "HUN-chT 9798"]
[Site "Hungary"]
[Date "1998.??.??"]
[Round "?"]
[White "Zemerov, Vladimir"]
[Black "Mann, Gerald"]
[Result "1/2-1/2"]
[WhiteElo "2385"]
[BlackElo "2280"]

1.Nf3 d5 2.g3 c6 3.Bg2 Bf5 4.O-O e6 5.d3 h6 6.e3 Nf6 7.Qe2 Be7 8.Nc3 O-O
9.e4 Bh7 10.e5 Nfd7 11.h4 b5 12.Bf4 b4 13.Nd1 Kh8 14.h5 c5 15.Ne3 Nc6 16.Ng4 Nb6
17.Rfd1 a5 18.a4 bxa3 19.Rxa3 a4 20.Raa1 Rc8 21.c3 Na5 22.Bf1 Qd7 23.Ngh2 c4
24.Qe3 cxd3 25.Bxd3 Nbc4 26.Qe2 Bxd3 27.Rxd3 Qb5 28.Rb1 Nb3 29.Rdd1 Nc5 30.Nd4 Qb8
31.Ng4 Ne4 32.f3 Ng5 33.Kg2 Nh7 34.Qc2 Qa7 35.Ra1 Ra8 36.Nc6 Qb7 37.Nxe7 Qxe7
38.Ne3 Nb6 39.Qe2 Qc5 40.Nc2 Nc4 41.Na3 Rfb8 42.Nxc4 Qxc4 43.Rd2 Qc6  1/2-1/2

[Event "Zemplen Kupa op"]
[Site "Hungary"]
[Date "1998.??.??"]
[Round "4"]
[White "Sziraki, Tamas"]
[Black "Szabo, Gergely"]
[Result "1-0"]
[WhiteElo "2330"]
[BlackElo "2225"]

1.Nf3 d5 2.g3 c5 3.Bg2 Nc6 4.d4 cxd4 5.Nxd4 e5 6.Nxc6 bxc6 7.O-O Bc5 8.c4 Ne7
9.Nc3 d4 10.Na4 Bb6 11.b3 Bf5 12.Ba3 Rc8 13.Bc5 Bxc5 14.Nxc5 Qd6 15.b4 h5
16.h4 g5 17.hxg5 h4 18.e3 hxg3 19.fxg3 Qg6 20.exd4 Qxg5 21.Qf3 Rh7 22.Rae1 Bg4
23.Qe4 Nf5 24.Qxe5+ Kf8 25.Nd7+  1-0

[Event "CRO-ch U19"]
[Site "Hvar"]
[Date "1998.??.??"]
[Round "3"]
[White "Njirjak, Josip"]
[Black "Suskovic, Matija"]
[Result "1/2-1/2"]
[WhiteElo "2270"]
[BlackElo "2130"]

1.Nf3 d5 2.g3 Nf6 3.Bg2 e6 4.d4 Be7 5.c4 O-O 6.O-O Nbd7 7.Qc2 c6 8.b3 b5
9.Nbd2 bxc4 10.bxc4 Ba6  1/2-1/2

[Event "South California-ch"]
[Site "Irvine"]
[Date "1998.??.??"]
[Round "1"]
[White "Jones, Stephen L"]
[Black "Lakdawala, Cyrus"]
[Result "1-0"]
[WhiteElo "2285"]
[BlackElo "2425"]

1.Nf3 d5 2.g3 Nf6 3.Bg2 Bf5 4.c4 c6 5.d4 Bxb1 6.Rxb1 Qa5+ 7.Bd2 Qxa2 8.b3 Qa6
9.Ra1 e6 10.Rxa6 Nxa6 11.O-O Be7 12.Ne5 O-O 13.Qa1 Rfc8 14.c5 Nc7 15.Bg5 h6
16.Bxf6 Bxf6 17.f4 Nb5 18.e3 Re8 19.Rf2 Bd8 20.Bf1 Nc7 21.Bd3 Re7 22.g4 Ne8
23.Qf1 Bc7 24.g5 hxg5 25.Qh3 Nf6 26.fxg5 Ne4 27.Bxe4 dxe4 28.g6  1-0

[Event "ITA-chT f"]
[Site "ITA"]
[Date "1998.??.??"]
[Round "?"]
[White "Efimov, Igor"]
[Black "Stangl, Markus"]
[Result "1/2-1/2"]
[WhiteElo "2525"]
[BlackElo "2530"]

1.Nf3 d5 2.g3 c6 3.Bg2 Nf6 4.O-O Bf5 5.d3 Nbd7 6.c4 e6 7.Nc3 Be7 8.a3 dxc4
9.dxc4 Ne4 10.Nxe4 Bxe4 11.b4 a5 12.Bb2 Bf6 13.Qb3 Bxb2 14.Qxb2 Qf6 15.Qxf6 Nxf6
16.Rfd1 Bxf3 17.Bxf3 axb4 18.axb4 Rxa1 19.Rxa1 Kd7 20.Kf1 Kc7 21.e3 Nd7 22.Ra5 Rd8
23.g4 Nb6 24.Be2 Rd2 25.Rh5 h6 26.g5 hxg5 27.Rh7 Rd7 28.Rxg7 f6 29.Rg6 Rf7
30.f4 gxf4 31.exf4 Nd7 32.h4 Kd6 33.h5 Rh7 34.Kf2 c5 35.bxc5+ Nxc5 36.Ke3 f5
37.Bf3 b6 38.Rg1 Ra7 39.Kf2 Nd3+ 40.Ke3 Nc5 41.Rh1 Ra3+ 42.Kf2 Nd3+ 43.Kg3 e5
44.h6 exf4+ 45.Kh4 Ne5 46.Bh5 Ra8 47.Kg5 Rh8 48.Bg6 f3 49.h7 f2 50.Rf1 Ng4
51.Bxf5 Ne3 52.Rxf2 Nxf5 53.Kxf5 Rxh7 54.Rb2 Kc6 55.Rb3 Rd7 56.Rb5  1/2-1/2

[Event "Heart of Finland op"]
[Site "Jyvaskyla"]
[Date "1998.??.??"]
[Round "?"]
[White "Parkkinen, Jyrki"]
[Black "Valkesalmi, Kimmo"]
[Result "1/2-1/2"]
[WhiteElo "2155"]
[BlackElo "2375"]

1.Nf3 d5 2.g3 Bg4 3.Bg2 Nd7 4.d4 e6 5.O-O Ngf6 6.c4 c6 7.Nbd2 Bd6 8.b3 O-O
9.Bb2 Qb8 10.Re1 e5 11.dxe5 Nxe5 12.Nxe5 Bxe5 13.Qc2 Re8 14.e4 dxe4 15.Nxe4 Bxb2
16.Qxb2 Nxe4 17.Rxe4 Rxe4 18.Bxe4 Qd6 19.Qc3 Rd8 20.Bf3 Bh3 21.Re1 Kf8 22.Qe3 a6
23.Qe2 Bf5 24.Qe3 Be6 25.Rd1 Qe7 26.Rxd8+  1/2-1/2

[Event "Heart of Finland op"]
[Site "Jyvaskyla"]
[Date "1998.??.??"]
[Round "?"]
[White "Keskisarja, Teemu"]
[Black "Salmensuu, Olli"]
[Result "0-1"]
[WhiteElo "2290"]
[BlackElo "2375"]

1.g3 d5 2.Nf3 c5 3.Bg2 Nc6 4.O-O e5 5.d3 Nf6 6.e4 dxe4 7.dxe4 Qxd1 8.Rxd1 Bg4
9.c3 Nxe4 10.Re1 O-O-O 11.Na3 Nf6 12.Nc4 Nd7 13.h3 Bxf3 14.Bxf3 f6 15.a4 Nb6
16.Ne3 Na5 17.b4 cxb4 18.cxb4 Bxb4 19.Re2 Kb8 20.Rb1 Rc8 21.Nc2 Bc3 22.Na3 Nxa4
23.Be3 Nc6 24.Nb5 Bd4 25.Bxd4 exd4 26.Kf1  0-1

[Event "Kiev-ch"]
[Site "Kiev"]
[Date "1998.??.??"]
[Round "7"]
[White "Galinsky, Timofey"]
[Black "Kiselev, Alexander"]
[Result "1-0"]
[WhiteElo "2315"]
[BlackElo "2150"]

1.Nf3 d5 2.g3 c5 3.c4 d4 4.d3 Nc6 5.Bg2 g6 6.O-O Bg7 7.Na3 e5 8.Rb1 Nge7
9.Bd2 O-O 10.Nc2 a5 11.b3 h6 12.a3 f5 13.b4 axb4 14.axb4 e4 15.Nfe1 b6 16.dxe4 fxe4
17.Bxe4 Bf5 18.Bxf5 Nxf5 19.Nd3 Re8 20.bxc5 bxc5 21.Re1 Nd6 22.Nxc5 Nxc4
23.Nb4 Nxb4 24.Rxb4 Nxd2 25.Qxd2 Qa5 26.Nb3 Qd5 27.Nxd4 Ra2 28.Qd3 Re4 29.e3 Kh7
30.Rb5 Qa8 31.Ne2 Re6 32.Qd5 Rc6 33.Nd4 Qf8  1-0

[Event "Independence Cup op"]
[Site "Kiev"]
[Date "1998.??.??"]
[Round "11"]
[White "Karnaukh, Anatolij"]
[Black "Mezheritsky, Yuri"]
[Result "0-1"]
[WhiteElo "2275"]
[BlackElo "2090"]

1.Nf3 d5 2.g3 c6 3.Bg2 Bf5 4.O-O Nd7 5.d3 Ngf6 6.Nh4 Bg4 7.h3 Bh5 8.g4 Bg6
9.f4 e6 10.Qe1 d4 11.Nd2 Nb6 12.Ndf3 c5 13.Ne5 Qc7 14.a4 Bd6 15.a5 Nbd5 16.Qg3 Bxe5
17.fxe5 Nd7 18.Bxd5 exd5 19.Bf4 Qc6 20.Nf5 Bxf5 21.gxf5 g6 22.f6 h5 23.c3 dxc3
24.bxc3 Nf8 25.d4 Ne6 26.Be3 b6 27.Qf3 c4 28.Bc1 b5 29.Ba3 a6 30.Qg2 h4 31.Kh2 O-O-O
32.Rg1 Rdg8 33.Qf3 Kc7 34.Rad1 Qa8 35.Rg4 Rh5 36.Qg2 Rf5 37.e3 Rh8 38.Rd2 Rhh5
39.Rf2 Rxf2 40.Qxf2 Ng5 41.Rxh4 Rxh4 42.e6 Rxh3+ 43.Kg2 Rh2+ 44.Kxh2 Qh8+
45.Kg2 Qh3+ 46.Kg1 Nxe6  0-1

[Event "Klatovy op-B"]
[Site "Klatovy"]
[Date "1998.??.??"]
[Round "?"]
[White "Hadac, Pavel"]
[Black "Vasko, P."]
[Result "1/2-1/2"]
[WhiteElo "1805"]
[BlackElo "1745"]

1.Nf3 d5 2.g3 Nc6 3.Bg2 e5 4.d3 Nf6 5.O-O Bc5 6.Nbd2 O-O 7.Nb3 Bb6 8.Bg5 h6
9.Bxf6 Qxf6 10.Nfd2 Qd6 11.Rc1 a6 12.c4 dxc4 13.Nxc4 Qe6 14.Nxb6 cxb6 15.Nd2 Bd7
16.b3 Rac8 17.Nc4 b5 18.Nb6 Rc7 19.Qc2 Rd8 20.Qb2 Be8 21.Rc5 Re7 22.Rfc1 Kh8
23.Nd5 Red7 24.Ne3 Nd4 25.Nd1 f6 26.Kf1 Bh5 27.f3 Bg6 28.Nf2 Qd6 29.Qc3 Ne6
30.Rc8 f5 31.h4 Qd4  1/2-1/2

[Event "Klatovy op-A"]
[Site "Klatovy"]
[Date "1998.??.??"]
[Round "?"]
[White "Buldrova, Monika"]
[Black "Stross, Frantisek"]
[Result "0-1"]
[WhiteElo "1860"]
[BlackElo "2040"]

1.Nf3 d5 2.g3 Nf6 3.Bg2 c6 4.O-O Bf5 5.d3 h6 6.b3 e6 7.Bb2 Nbd7 8.Nbd2 Be7
9.Re1 O-O 10.e4 dxe4 11.dxe4 Bh7 12.e5 Nd5 13.Ne4 Bb4 14.c3 Bxe4 15.cxb4 Bxf3
16.Bxf3 Nxb4 17.Ba3 a5 18.Qd2 Nxe5 19.Qc3 Nxf3+ 20.Qxf3 Qb6 21.Rad1 Nc2 22.Bxf8 Nxe1
23.Rxe1 Rxf8 24.Rd1 Rd8 25.Rd3 Rd5  0-1

[Event "Klatovy op-B"]
[Site "Klatovy"]
[Date "1998.??.??"]
[Round "?"]
[White "Hadac, Pavel"]
[Black "Danes, F."]
[Result "1/2-1/2"]
[WhiteElo "1805"]
[BlackElo "1800"]

1.Nf3 d5 2.g3 Nf6 3.Bg2 c6 4.O-O Bg4 5.Ne5 Bh5 6.d4 e6 7.Bf4 Bd6 8.Nd3 O-O
9.Nd2 Na6 10.c3 Rc8 11.Bxd6 Qxd6 12.Nf4 Bg6 13.Nxg6 hxg6 14.e4 dxe4 15.Nxe4 Nxe4
16.Bxe4 e5 17.dxe5 Qxe5 18.Re1 Rcd8 19.Qc2 Rfe8 20.Re3 Qf6 21.Rae1 Nc5 22.Bf3 Kf8
23.Bg4 Rxe3 24.Rxe3 Re8 25.Rxe8+ Kxe8 26.b4 Ne6 27.Qe4 Kd7 28.Qe3 b6 29.Qd3+ Kc7
30.Qa6 Kb8 31.Qc4 Kb7 32.Kg2 b5 33.Qd3 Qd8 34.Qe2 Qd7 35.h4 Qe7 36.Kh3 Qd7
37.Bxe6 fxe6 38.Qe5 Qf7 39.Kg4 Kc8 40.f4 Kb7 41.Qd4 Qf5+ 42.Kf3 Qf7 43.g4 Ka8
44.Qd8+ Kb7 45.Ke4 a6 46.a3 Ka7 47.Qc8 e5 48.f5 Qc4+ 49.Kxe5 Qd5+ 50.Kf4 Qd2+
51.Ke4 Qd5+  1/2-1/2

[Event "Klatovy op-A"]
[Site "Klatovy"]
[Date "1998.??.??"]
[Round "?"]
[White "Eretova, J."]
[Black "Cerny, R."]
[Result "1-0"]
[WhiteElo "2135"]
[BlackElo "1970"]

1.Nf3 d5 2.g3 Nf6 3.Bg2 c6 4.d3 Bf5 5.O-O e6 6.Nbd2 Be7 7.c3 h6 8.Re1 O-O
9.b4 a5 10.Qb3 a4 11.Qc2 b5 12.a3 Nbd7 13.Nd4 Rc8 14.c4 Bg6 15.e4 Qb6 16.Bb2 c5
17.Nxb5 cxb4 18.Qxa4 Ng4 19.Bd4 Bc5 20.Nf3 dxe4 21.dxe4 Bxd4 22.Nbxd4 Rxc4
23.Qxd7 b3 24.h3 Nxf2 25.Kxf2 b2 26.Rab1 Rc2+ 27.Kf1 Rd8 28.Qb5 Qxb5+ 29.Nxb5 Rd3
30.a4 f5 31.Nbd4 Rcc3 32.exf5 exf5 33.Rxb2 f4 34.gxf4 Bh5 35.Kf2 Ra3 36.Rb8+ Kh7
37.Ra8 Ra2+ 38.Re2  1-0

[Event "Klatovy op-A"]
[Site "Klatovy"]
[Date "1998.??.??"]
[Round "?"]
[White "Hitzgerova, Gabriela"]
[Black "Folta, Jaroslav"]
[Result "1-0"]
[WhiteElo "2185"]
[BlackElo "1965"]

1.Nf3 d5 2.g3 c6 3.Bg2 Bf5 4.O-O e6 5.d3 Nf6 6.Nbd2 Nbd7 7.Qe1 Bc5 8.e4 dxe4
9.dxe4 Bg6 10.Nh4 Ne5 11.Nb3 Bb6 12.Kh1 O-O 13.f4 Neg4 14.Nxg6 hxg6 15.h3 Nh6
16.Bf3 Nd7 17.g4 f5 18.gxf5 exf5 19.e5 Re8 20.Qg3 Nf8 21.Bd2 Qe7 22.Be2 Rad8
23.Bc4+ Kh7 24.a4 a6 25.a5 Ba7 26.Rae1 Ne6 27.Bxe6 Qxe6 28.Be3 Bxe3 29.Qxe3 Qc4
30.Rf2 Rd5 31.Rg2 Re6 32.Reg1 Ng8 33.Nd2 Qc5 34.Qxc5 Rxc5 35.Nf3 Kh8 36.Nd4 Re7
37.Rxg6 Nh6 38.Ne6 Rxc2 39.Nxg7 Kh7 40.Nh5 Rxb2 41.Nf6+  1-0

[Event "Klatovy op-A"]
[Site "Klatovy"]
[Date "1998.??.??"]
[Round "?"]
[White "Brom, Jiri"]
[Black "Prib, J."]
[Result "1/2-1/2"]
[WhiteElo "2030"]
[BlackElo "1870"]

1.Nf3 d5 2.g3 Bg4 3.Bg2 c5 4.d3 Nc6 5.Nbd2 Qd7 6.h3 Bxf3 7.Nxf3 Nf6 8.Bg5 h6
9.Bxf6 gxf6 10.d4 c4 11.c3 e6 12.Qc2 f5 13.e3 b5 14.b3 Bd6 15.bxc4 bxc4 16.Rb1 Ke7
17.Ke2 Rhb8 18.Rxb8 Rxb8 19.Rb1 Qc7 20.Rxb8 Qxb8 21.Nd2 Qb5 22.g4 fxg4 23.hxg4 Ke8
24.e4 Nxd4+ 25.cxd4 c3+ 26.Kd1 cxd2 27.exd5 exd5 28.Qb3 Qxb3+ 29.axb3 Bb4  1/2-1/2

[Event "RUS-ch U18"]
[Site "Kolontaevo"]
[Date "1998.??.??"]
[Round "?"]
[White "Gazarian, Aram"]
[Black "Erenburg, Sergey"]
[Result "1-0"]
[WhiteElo "2325"]
[BlackElo "2285"]

1.Nf3 d5 2.g3 c6 3.Bg2 Bg4 4.O-O Nd7 5.d3 e6 6.Nbd2 Bd6 7.e4 Ne7 8.h3 Bh5
9.Re1 Ne5 10.g4 Nxf3+ 11.Nxf3 Bg6 12.Qe2 h5 13.g5 h4 14.Qd2 Qb6 15.a3 O-O-O
16.Qc3 Bc5 17.d4 Bd6 18.e5 Bb8 19.b4 Be4 20.a4 Qc7 21.Qb2 Nf5 22.Bd2 f6 23.b5 Qb6
24.c4 Bxf3 25.c5 Qc7 26.Bxf3 fxe5 27.dxe5 Qd7 28.bxc6 Qxc6 29.Reb1 g6 30.Ra3 Rh7
31.Be2 a6 32.Rb3 Ba7 33.Ba5 Rf8 34.Bb6 Bb8 35.Bxa6 bxa6 36.Ba5 Bc7 37.Bxc7 Rff7
38.Rb8+ Kxc7 39.Rg8 Kd7 40.Qb8 Nd6 41.Qd8+  1-0

[Event "RUS-ch U18"]
[Site "Kolontaevo"]
[Date "1998.??.??"]
[Round "?"]
[White "Gazarian, Aram"]
[Black "Isakov, Dmitrij"]
[Result "1-0"]
[WhiteElo "2325"]
[BlackElo "2110"]

1.Nf3 d5 2.g3 c5 3.Bg2 Nc6 4.O-O e5 5.d3 f6 6.e4 d4 7.Nh4 Be6 8.f4 exf4 9.gxf4 Qd7
10.Nd2 O-O-O 11.a3 Bd6 12.e5 fxe5 13.f5 Bf7 14.b4 cxb4 15.axb4 Bxb4 16.Ne4 Nf6
17.Ba3 Bxa3 18.Rxa3 Nxe4 19.dxe4 Qd6 20.Qa1 Qc5 21.Kh1 Kb8 22.Nf3 Rd7 23.Rb1 Rhd8
24.Bf1 Bc4 25.Bd3 Bxd3 26.cxd3 Rc7 27.Ng5 Re8 28.Ne6 Rxe6 29.fxe6 Qe7 30.Qa2 Nb4
31.Qf2 Nc2 32.Ra4 Ne3 33.Ra6 b6 34.Qa2 Rc2 35.Raxb6+ axb6 36.Rxb6+  1-0

[Event "RUS-ch U18"]
[Site "Kolontaevo"]
[Date "1998.??.??"]
[Round "?"]
[White "Kokorev, Dmitry"]
[Black "Bryzgalin, Kirill"]
[Result "1-0"]
[WhiteElo "2280"]
[BlackElo "2335"]

1.g3 d5 2.Nf3 c6 3.Bg2 Bg4 4.O-O Nd7 5.d4 e6 6.b3 Bd6 7.c4 Bxf3 8.exf3 Ngf6
9.f4 O-O 10.Nd2 Qc7 11.Bb2 Rfd8 12.Qe2 Bf8 13.Nf3 a5 14.Ne5 dxc4 15.bxc4 Nb6
16.Rab1 Nc8 17.Bc3 Nd6 18.g4 Ra6 19.a4 Nc8 20.Rfd1 Nb6 21.Qc2 Rda8 22.Qb3 R8a7
23.Bd2 Nbd7 24.g5 Ne8 25.c5 Nxe5 26.fxe5 Qd8 27.Be3 Nc7 28.Bf1 Be7 29.Bxa6 Nxa6
30.f4 Nb4 31.Qc4 Qd7 32.Bd2 Nd5 33.Rb3 Bd8 34.Qd3 Ne7 35.Qe4 Nf5 36.Be3 Be7
37.Rdb1 g6 38.Bf2 Bd8 39.Kg2 Kf8 40.h4 Ke7 41.h5 Ke8 42.Kg1 Be7 43.R1b2 Kd8
44.hxg6 hxg6 45.Rh3 Kc7 46.Rh8 Bd8 47.Qd3 Kc8 48.Qb3 Ra6 49.Rf8 Qe7 50.Kf1 Qd7
51.Rb1 Qe7 52.Kg2 Ng7 53.Rg8 Nh5 54.Be3 Qd7 55.Kf3 Qe7 56.Bf2 Qd7 57.Be1 Qc7
58.Ke3 Qd7 59.Rxd8+ Kxd8 60.Qxb7 Qxb7 61.Rxb7 Ke8 62.Rb6 Rxb6 63.cxb6 Kd7
64.Bxa5 Kc8 65.Bc3 Kb7 66.a5 Ka6 67.Bd2 Ng3 68.Kd3 Kb7 69.Kc4 Ne4 70.Be1 Ka6
71.Kd3 Nc5+ 72.dxc5 Kb7  1-0

[Event "Russia-chB (Women)"]
[Site "Kolontaevo"]
[Date "1998.??.??"]
[Round "?"]
[White "Filichkina, Svetlana"]
[Black "Ruchieva, Natalia"]
[Result "0-1"]
[WhiteElo "2240"]
[BlackElo "2295"]

1.Nf3 d5 2.g3 c6 3.Bg2 Bg4 4.c4 e6 5.O-O Nf6 6.d3 Nbd7 7.Be3 Bd6 8.Qb3 Qc7
9.Nc3 dxc4 10.Qxc4 O-O 11.Nd2 Nb6 12.Bxb6 axb6 13.f3 Bh5 14.e4 b5 15.Qb3 Bc5+
16.Kh1 Rfd8 17.Ne2 Qb6 18.Rfd1 e5 19.Qc2 Ne8 20.Nb3 Be3 21.Qc3 f6 22.d4 Bxd4
23.Nexd4 exd4 24.Nxd4 b4 25.Qe3 Bf7 26.b3 Nc7 27.Rd3 Ne6 28.Nc2 Qxe3 29.Rxe3 c5
30.Re2 Nc7 31.Ne3 Bxb3 32.Rc1 Rxa2 33.Rxa2 Bxa2 34.Rxc5 Na6 35.Rb5 Rd3 36.Nf1 Rd7
37.Bh3 Rc7 38.Ne3 Kf8 39.Bf1 Ke8 40.Rb6 Rc3 41.Nd5 Bxd5 42.exd5 b3 43.Rxb7 Nc5
44.Rb6 Kd7 45.d6 Rc1 46.Kg2 Rc2+ 47.Kh3 b2 48.Bb5+ Ke6 49.Be8 Rd2 50.f4 Ne4
51.d7+ Ke7 52.Rb3 Nc3  0-1

[Event "Russia-chB (Women)"]
[Site "Kolontaevo"]
[Date "1998.??.??"]
[Round "?"]
[White "Filichkina, Svetlana"]
[Black "Trofimova, Olga"]
[Result "0-1"]
[WhiteElo "2240"]
[BlackElo "2305"]

1.Nf3 d5 2.g3 Nf6 3.Bg2 e6 4.O-O c5 5.c4 Nc6 6.cxd5 Nxd5 7.d4 cxd4 8.Nxd4 Bc5
9.Nxc6 bxc6 10.e4 Nb4 11.Qxd8+ Kxd8 12.Rd1+ Ke7 13.Nc3 e5 14.Na4 Bd6 15.f4 Bg4
16.Rf1 Nd3 17.fxe5 Bxe5 18.Bf3 Bh3 19.Bg2 Bd4+ 20.Kh1 Be6 21.h3 Rab8 22.Bf4 Rb4
23.Nc3 Rxb2 24.Rad1 Nxf4 25.gxf4 Bxc3 26.Rf3 Bd2 27.f5 Bxa2 28.Rd3 Rd8 29.R1xd2 Rxd2  0-1

[Event "Russia-chB (Women)"]
[Site "Kolontaevo"]
[Date "1998.??.??"]
[Round "?"]
[White "Ruchieva, Natalia"]
[Black "Salakhova, Gulnar"]
[Result "1-0"]
[WhiteElo "2295"]
[BlackElo "2240"]

1.Nf3 d5 2.g3 Nf6 3.Bg2 c6 4.d3 Bf5 5.O-O e6 6.Nbd2 Bd6 7.Qe1 e5 8.e4 dxe4
9.dxe4 Be6 10.Ng5 Qe7 11.Nxe6 Qxe6 12.Qe2 Nbd7 13.Nc4 Bc5 14.a4 O-O 15.Bd2 Nb6
16.Ne3 Rfd8 17.b3 Rd7 18.a5 Rad8 19.Rad1 Nc8 20.Nc4 Nd6 21.Nxd6 Bxd6 22.Be3 Bb4
23.a6 b6 24.Rxd7 Qxd7 25.Bf3 Qc7 26.Rd1 Rxd1+ 27.Qxd1 Nd7 28.Bg4 Nb8 29.Qa1 Ba5
30.Be2  1-0

[Event "Korinthos op"]
[Site "Korinthos"]
[Date "1998.??.??"]
[Round "5"]
[White "Managadze, Nikoloz"]
[Black "Mastrovasilis, Dimitrios"]
[Result "1-0"]
[WhiteElo "2335"]
[BlackElo "2280"]

1.Nf3 d5 2.g3 Nf6 3.Bg2 c6 4.O-O Bg4 5.d3 e6 6.Nbd2 Be7 7.b3 O-O 8.Bb2 a5
9.a4 Nbd7 10.e4 Kh8 11.h3 Bxf3 12.Qxf3 b5 13.exd5 exd5 14.axb5 cxb5 15.c4 Bb4
16.Rfd1 a4 17.bxa4 bxa4 18.cxd5 a3 19.Bd4 Bxd2 20.Rxd2 Ra4 21.Bxf6 Nxf6 22.Rda2 Qd6
23.Qd1 Rfa8 24.Rc1 h6 25.Rc6 Qe5 26.d6 R8a7 27.Qb3 Kh7 28.Qc3 Qe6 29.Qc2 Rd4
30.Rc7 Ra6 31.Re7 Qxd6 32.Rxf7 Raa4 33.Rb7 h5 34.h4 Qe5 35.Rb1 Qe7 36.Rba1 Kh8
37.Qc3 Rdb4 38.Bf3 Ng4 39.Re1 Qf8 40.Bc6 Qf7 41.Bxa4 Rxa4 42.Ree2 Qf3 43.Qc8+ Kh7
44.Qe8 Nxf2 45.Rxf2 Qxg3+ 46.Rg2  1-0

[Event "Korinthos op"]
[Site "Korinthos"]
[Date "1998.??.??"]
[Round "9"]
[White "Haritakis, Theodoros"]
[Black "Cvetkovic, Srdjan"]
[Result "0-1"]
[WhiteElo "2340"]
[BlackElo "2430"]

1.Nf3 d5 2.g3 Nf6 3.Bg2 e6 4.O-O Be7 5.d3 c5 6.Nbd2 Nc6 7.e4 O-O 8.e5 Nd7
9.Re1 Qc7 10.Qe2 b6 11.h4 Bb7 12.Nf1 Rae8 13.Bf4 Bd8 14.Ne3 Qb8 15.Ng5 Ncxe5
16.Ng4 f6 17.Nxe5 fxe5 18.Bxe5 Nxe5 19.Qxe5 Bc7 20.Qe2 e5 21.Bh3 Rf6 22.c4 h6
23.Qh5 hxg5 24.hxg5 g6 25.Qh6 Rd6 26.f4 dxc4 27.fxe5 Rde6 28.Re2 Bxe5 29.Bxe6+ Rxe6
30.Rf1 Bd4+ 31.Rff2 Qxg3+ 32.Kf1 Bf3  0-1

[Event "MK Cafe Cup-B"]
[Site "Koszalin"]
[Date "1998.??.??"]
[Round "3"]
[White "Ostrowski, Leszek"]
[Black "Kludacz, Magdalena"]
[Result "1-0"]
[WhiteElo "2340"]
[BlackElo "2230"]

1.Nf3 d5 2.g3 c6 3.Bg2 Bg4 4.b3 Nd7 5.Bb2 Ngf6 6.O-O e6 7.c4 Be7 8.d4 O-O
9.Nbd2 Rc8 10.Re1 Qc7 11.Rc1 Qb8 12.a3 Rfd8 13.e4 dxe4 14.Nxe4 Nxe4 15.Rxe4 Bf5
16.Re3 Bf6 17.Qe2 c5 18.Rd1 Bg4 19.h3 cxd4 20.Bxd4 Bh5 21.Qe1 Bxd4 22.Rxd4 Nf6
23.Red3 Bg6 24.Rxd8+ Rxd8 25.Rxd8+ Qxd8 26.Ne5 b6 27.Qe3 Qd1+ 28.Kh2 Nd7
29.b4 Qd6 30.Nxd7 Qxd7 31.c5 bxc5 32.bxc5 Qc7 33.c6 Kf8 34.Qc5+ Ke8 35.a4 a5
36.h4 e5 37.Bh3 f5 38.h5 Bxh5 39.Bxf5 Bf3 40.Bd7+ Kf7 41.Qc4+ Kf8 42.Qe6 Bh5
43.Qf5+ Bf7 44.Be6  1-0

[Event "RUS-Cup"]
[Site "Krasnoiarsk"]
[Date "1998.??.??"]
[Round "1"]
[White "Lependin, V."]
[Black "Tregubov, Pavel V"]
[Result "1/2-1/2"]
[WhiteElo "2395"]
[BlackElo "2560"]

1.Nf3 d5 2.g3 c6 3.Bg2 Bf5 4.O-O Nd7 5.d4 Ngf6 6.c4 e6 7.b3 Be7 8.Ba3 O-O
9.Bxe7 Qxe7 10.Nc3 Qb4 11.Rc1 Rfd8 12.cxd5 exd5 13.Qd2 a5 14.Qf4 Bg6 15.Rfd1 Nb6
16.Ne5 a4 17.Nxg6 hxg6 18.Nxa4 Nxa4 19.bxa4 Rxa4 20.Qd2 Rda8 21.Qxb4 Rxb4
22.Rc2 g5 23.e3 Kf8 24.Bf1 Ne4 25.Bd3 f5 26.Bxe4 fxe4 27.Kg2 g4 28.h3 gxh3+  1/2-1/2